000 00583nam a2200205Ii 4500
003 JO-AjNU
008 230606s9999||||xx |||||||||||||| ||und||
020 _a978-81-7473-383-2
040 _aJO-AjNU
_beng
_erda
_cJO-AjNU
041 _aeng
050 1 4 _aHF1001.2009
100 3 _aJain,Naveen Chand,
_eauthor
_91235
245 0 0 _aDictionary of commerce
264 3 1 _aIndia: a.i.t.b.s. publishers,2009
300 _a376p
336 _atext
_btxt
_2rdacontent
337 _aunmediated
_bn
_2rdamedia
338 _avolume
_bnc
_2rdacarrier
650 4 _aCommerce -- Dictionaries 
_91236
999 _aE651
_c651
_d651